00471 2200193 4500245005200000020001800052250001100070100002200081700001200103700001800115650001700133005001900150260004100169041001400210084001300224300002000237336000900257338001100266 aAlways Thinking Of YoucYoshiko, FujiwarahText a979-20-6591-1 aCet. 1 aYoshiko, Fujiwara aBinarti aYuli Restiani aKomik Jepang a20230202095927 aJakartabElex Media Komputindoc2005 aIndonesia a741.5592 ailus. :c17 cm. atext avolume